| 000 | 00359nam a2200145Ia 4500 | ||
|---|---|---|---|
| 100 | _aAtthreya/N.H/ Kandathil/G | ||
| 942 | _cBK | ||
| 654 | _aorganisation | ||
| 245 | _aCreating nurturing and sustaining an OK organisation | ||
| 260 |
_bMMC School Of Management _aMumbai _c2001 |
||
| 082 |
_a658.1 _bATT |
||
| 300 | _a144 | ||
| 546 | _aENGLISH | ||
| 999 |
_c28820 _d28820 |
||